000 00854nam a22002537a 4500
005 20170123162344.0
010 _aA-880502
020 _c100.00
035 _aA-880502
037 _bCen Lib/Ret
040 _aDPL
_bUR
082 _a841.8
_bر و ف
100 _aرؤف خیر
_9656
245 _aخط خیر :
_cرؤف خیر
_bتنقیدی مضامین /
246 _aKhatt-e-Khair : tanqeedi mazameen /
_bby Rauf Khair
260 _aحیدرآباد
_bخیری پبلیکیشنز
_c1997
270 _bحیدرآباد
_aرسالہ بازار گول کنڈا
300 _a143.
_c21cm(Hb)
650 _aادب -- اردو
_9129708
650 _a اردو تنقیدی مضامین
_9114356
650 _aLiterature -- Urdu
_9129709
650 _aUrdu critical articles
_9114358
942 _2ddc
_cUR
_h841.8
_mر و ف
999 _c108718
_d108718